zpět

Detail výsledku týmu

Infinity c&c bar, Zlín

Datum a čas kvízu

24 Celkem bodů Celkový počet nahraných bodů na tomto kvízu bez doplňovacích otázek.
7. Pořadí na kvízu Konečné umístění týmu na tomto kvízu.

Zaznamenané odpovědi

# Otázka Odpověď Body Výsledky
1. Symbolický poslední vozík s tu... Lazy 0
2. Prezident USA v úterý tradičně... Butter (Máslo), Bread (Chléb) 1
3. Na televizní obrazovky se vrac... Hana 1
4. Jak jste si jistě všimli, spol... Zlatuška 0
5. Čeští basketbalisté od minuléh... Uruguay, Turecko 0
6. V tomto tématu se podíváme na... kališní lístek 0
7. Tato britská indierocková kape... Florence and the Machine 1
8. Nestorka českého ženského teni... Peschke 0
9. Z následujících rostlin vybert... D 1
10. Zřejmě nejslavnější českou fil... dědeček vycinkal 0